Estudio y Comprensión de la Sociedad: Séptimo Básico Educación General Básica. Texto para el estudiante
Uloženo v:
| Hlavní autoři: | , |
|---|---|
| Médium: | Kniha |
| Jazyk: | španělština |
| Vydáno: |
Santiago
Mare Nostrum
2004
|
| Vydání: | 2a. ed |
| Témata: | |
| Tagy: |
Přidat tag
Žádné tagy, Buďte první, kdo vytvoří štítek k tomuto záznamu!
|
MARC
| LEADER | 00000nam a2200000 a 4500 | ||
|---|---|---|---|
| 001 | UCJ0208 | ||
| 003 | CL-VaPUC | ||
| 008 | 060707e20040000CL |||||||||||||||||spa|d | ||
| 020 | |a 9562940446 | ||
| 082 | 0 | 4 | |a 372.83 |b RAM |2 21 |
| 100 | 0 | |a Ramírez Morales, Fernando |e author |9 500284 | |
| 700 | 0 | |a Silva Villalobos, Victoria |e author |9 500285 | |
| 245 | 1 | 0 | |a Estudio y Comprensión de la Sociedad: Séptimo Básico Educación General Básica. Texto para el estudiante |
| 250 | |a 2a. ed | ||
| 300 | |a 192 p | ||
| 942 | |c BK | ||
| 945 | |d 20060707 00:00:00 |a jtorresc | ||
| 260 | |a Santiago |b Mare Nostrum |c 2004 | ||
| 650 | 0 | |a Educación básica |9 224933 | |
| 650 | 0 | |a Métodos de enseñanza |9 270413 | |
| 650 | 0 | |a Libros de texto |9 270019 | |
| 650 | 0 | |a Enseñanza de la geografía |9 310005 | |
| 650 | 0 | |a Desarrollo social |9 264534 | |
| 650 | 0 | |a Enseñanza de la historia |9 307330 | |
| 583 | |a last modification |c 20190610 15:15:04 |k Rodrigo Vera | ||
| 999 | |c 317134 |d 317132 | ||
| 952 | |0 0 |1 0 |4 0 |6 372_830000000000000_RAM_2004 |7 0 |8 A |9 392943 |a BIBEDU |b BIBEDU |d 2019-11-22 |i 4250753 |o 372.83 RAM 2004 |p 4250753 |r 2019-11-22 |w 2019-11-22 |y BK |k EBA | ||
| 952 | |0 0 |1 0 |4 0 |6 372_830000000000000_RAM_2004 |7 0 |8 A |9 392944 |a BIBEDU |b BIBEDU |d 2019-11-22 |i 4250761 |o 372.83 RAM 2004 |p 4250761 |r 2019-11-22 |w 2019-11-22 |y BK |k EBA | ||
| 952 | |0 0 |1 0 |4 0 |6 372_830000000000000_RAM_2004 |7 0 |8 A |9 392945 |a BIBEDU |b BIBEDU |c BIBEDU_PB |d 2019-11-22 |i 425077K |o 372.83 RAM 2004 |p 425077K |r 2024-01-25 |w 2019-11-22 |y BK |k EBA | ||
| 952 | |0 0 |1 0 |4 0 |6 372_830000000000000_RAM_2004 |7 0 |8 A |9 392946 |a BIBEDU |b BIBEDU |d 2019-11-22 |i 4250788 |o 372.83 RAM 2004 |p 4250788 |r 2019-11-22 |w 2019-11-22 |y BK |k EBA | ||
| 952 | |0 0 |1 0 |4 0 |6 372_830000000000000_RAM_2004 |7 0 |8 A |9 392947 |a BIBEDU |b BIBEDU |c BIBEDU_PB |d 2019-11-22 |i 4250796 |o 372.83 RAM 2004 |p 4250796 |r 2024-01-25 |w 2019-11-22 |y BK |k EBA | ||